Country of the world by military ranking with map - Statistics

General Stats
  • This quiz has been taken 415 times
    311 since last reset
  • The average score is 43 of 142
Answers on the Map
Answers color-coded by a green-red scale on the quiz's map according to % correct below.
 
Answer Stats
Hint Answer % Correct
U United States
98%
C China
97%
R Russia
97%
I India
95%
J Japan
94%
F France
88%
S South Korea
88%
U United Kingdom
86%
B Brazil
79%
P Pakistan
77%
I Italy
73%
E Egypt
70%
T Turkey
69%
I Iran
68%
I Indonesia
65%
G Germany
63%
A Australia
62%
S Spain
60%
I Israel
56%
S Saudi Arabia
53%
C Canada
52%
P Poland
52%
V Vietnam
52%
S Sweden
51%
U Ukraine
51%
T Thailand
49%
G Greece
48%
N North Korea
48%
T Taiwan
44%
A Algeria
42%
N Norway
42%
S South Africa
42%
S Switzerland
42%
V Venezuela
42%
I Iraq
41%
M Mexico
41%
A Argentina
40%
U United Arab Emirates
40%
R Romania
39%
C Colombia
37%
C Czech Republic
37%
N Netherlands
36%
D Denmark
35%
F Finland
35%
H Hungary
35%
N Nigeria
35%
P Portugal
35%
K Kazakhstan
34%
B Bangladesh
33%
M Myanmar
33%
P Peru
33%
P Philippines
33%
A Austria
32%
B Belarus
32%
M Malaysia
32%
Q Qatar
32%
Y Yemen
32%
J Jordan
30%
M Morocco
30%
C Chile
29%
S Slovakia
29%
C Croatia
28%
O Oman
28%
S Singapore
28%
S Syria
28%
U Uzbekistan
28%
Z Zambia
28%
A Angola
27%
E Ecuador
27%
E Ethiopia
27%
K Kuwait
27%
Z Zimbabwe
27%
A Azerbaijan
26%
B Belgium
26%
S Serbia
26%
B Bulgaria
25%
I/C Ivory Coast
24%
L Libya
23%
L Lithuania
21%
S Sudan
21%
D Democratic Republic of the Congo
20%
I Iceland
20%
K Kenya
20%
K Kyrgyzstan
20%
L Latvia
20%
C Cuba
19%
T Tunisia
18%
B Bolivia
17%
U Uruguay
17%
A Albania
16%
I Ireland
16%
T Turkmenistan
16%
U Uganda
16%
H Honduras
15%
K Kosovo
15%
A Afghanistan
14%
A Armenia
14%
D Dominican Republic
14%
E Estonia
14%
G Georgia
14%
G Guatemala
14%
P Paraguay
14%
M Mali
13%
M Mongolia
13%
N New Zealand
13%
C Chad
12%
N Nepal
12%
R Republic of the Congo
12%
S Slovenia
12%
B Bhutan
11%
B Bosnia and Herzegovina
11%
G Ghana
11%
L Laos
11%
C Cambodia
10%
M Moldova
10%
N Niger
10%
T Tajikistan
10%
C Cameroon
9%
M Mauritania
9%
S Sri Lanka
9%
L Lebanon
8%
L Luxembourg
8%
B Bahrain
7%
B Botswana
7%
N Nicaragua
7%
P Panama
7%
T Tanzania
7%
E Eritrea
6%
M Mozambique
6%
N Namibia
6%
N North Macedonia
6%
S South Sudan
6%
E El Salvador
5%
M Madagascar
5%
G Gabon
4%
M Montenegro
4%
S Somalia
4%
S Suriname
4%
B Burkina Faso
3%
C Central African Republic
3%
L Liberia
3%
S Sierra Leone
2%
No matching quizzes found
Score Distribution
Percent of People with Each Score
Percentile by Number Answered
Your Score History
You have not taken this quiz since the last reset